Cuentistas de la universidad
Bewaard in:
| Hoofdauteur: | |
|---|---|
| Formaat: | Boek |
| Taal: | Spaans |
| Gepubliceerd in: |
Santiago
Universitaria
1959
|
| Onderwerpen: | |
| Tags: |
Voeg label toe
Geen labels, Wees de eerste die dit record labelt!
|
MARC
| LEADER | 00000nam a2200000 a 4500 | ||
|---|---|---|---|
| 001 | UCQ6507 | ||
| 003 | CL-VaPUC | ||
| 008 | 981016e19590000CL |||||||||||||||||spa|d | ||
| 082 | 0 | 4 | |a Ch863.08 |b CAS |2 21 |
| 100 | 0 | |a Cassigoli, Armando |e author |9 420414 | |
| 245 | 1 | 0 | |a Cuentistas de la universidad |
| 300 | |a 246 p | ||
| 942 | |c BK | ||
| 945 | |d 19981016 00:00:00 |a crobeson | ||
| 260 | |a Santiago |b Universitaria |c 1959 | ||
| 650 | 0 | |a Cuentos chilenos |9 308280 | |
| 650 | 0 | |a Literatura chilena |9 308278 | |
| 650 | 0 | |a Antologías |9 309836 | |
| 583 | |a last modification |c 19981016 00:00:00 |k Rodrigo Vera | ||
| 999 | |c 276461 |d 276459 | ||
| 952 | |0 0 |1 0 |4 0 |6 CH_863_080000000000000_CAS_1959 |7 0 |8 A |9 313701 |a BIBEDU |b BIBEDU |d 2019-11-20 |i 1482505 |o Ch863.08 CAS 1959 |p 1482505 |r 2019-11-20 |w 2019-11-20 |y BK |k LIT | ||